| 000 | 01073cam a22003373a 4500 | ||
|---|---|---|---|
| 001 | 3285 | ||
| 003 | PGUSA | ||
| 005 | 20140828083030.0 | ||
| 008 | 020601s2002||||xxu|||||s|||||000 1 eng d | ||
| 040 |
_aPGUSA _beng |
||
| 042 | _adc | ||
| 050 | 4 | _aPS | |
| 100 | 1 |
_aCooper, James Fenimore, _d1789-1851 |
|
| 245 | 1 | 4 |
_aThe Deerslayer _h[electronic resource] / _cJames Fenimore Cooper |
| 260 |
_bProject Gutenberg, _c2002 |
||
| 506 | _aPublic domain in the USA. | ||
| 516 | _aElectronic text | ||
| 653 | _aHistorical fiction | ||
| 653 | _aMale friendship -- Fiction | ||
| 653 | _aBumppo, Natty (Fictitious character) -- Fiction | ||
| 653 | _aWar stories | ||
| 653 | _aNew York (State) -- History -- French and Indian War, 1754-1763 -- Fiction | ||
| 653 | _aHunters -- Fiction | ||
| 653 | _aBildungsromans | ||
| 653 | _aScouting (Reconnaissance) -- Fiction | ||
| 653 | _aDelaware Indians -- Fiction | ||
| 653 | _aFrontier and pioneer life -- Fiction | ||
| 830 | 0 |
_aProject Gutenberg _v3285 |
|
| 856 | 4 | 0 | _uhttp://www.gutenberg.org/ebooks/3285 |
| 942 | _cEB | ||
| 999 |
_c232614 _d232614 |
||